00385 2200133 4500001002100000005001700021006001900038008004100057035002600098100003200124245005300156260002500209990001700234INLIS00000000000358120170118083106.0a ||| | 171130| ||| |  a 0010-0117000000002100 a AJ.BOESRA/ KAWAN PUSTAKA--00a menyulam benang itu mudah (koleksi audiovisual) a koleksi audiovisual a 248/CD/2016